01070nam a2200265 a 4500001001000000005001700010008004100027041000800068044000700076050002300083100001700106245008100123260003200204300001700236500001800253500003200271500000900303500003400312500018800346500002300534500002200557500006900579506009200648650006400740BRCA_853820190320210326.0110816s1681----uk-#######---#000-0#eng-# aeng aUk 4aPR3415b.D79c16811 aDryden, John10aThe indian emperour or the conquest of mexico by the spaniardscJohn Dryden. aLondonbH. Herringmanc1681 a68 p.c22 cm aFondo antiguo aSe encuentra en Caja Fuerte aB-19 aCon Ex-libris de: Franz Mayer aCon dedicatoria: to the most excellent and most illustrious princess Anne Dutchess of Monmouth, and Bucclugh, wife to the most illustrious and high- born prince James Duke of Monmouth aContiene prólogo aIncluye epílogo aNota de encuadernación: holandesa, edición de cantos dorados0 aFondo reservado: para su consulta es necesario credencial de usuario y carta de motivos14aMoctezumaeEmperador de Méxicoxaproximadamente 1480-1520